000 00701nam a2200289Ia 4500
005 20260324115140.0
008 008 260324s9999 xx 000 0 eng d
020 _a9781041056812
037 _aEBOOK
040 _aCRL
040 _beng
040 _cCRL
041 _2eng
041 _aeng
084 _qCRL
100 _aBarbara Starns
_91151202
245 0 _aSafeguarding Adults Together under the Care Act 2014
245 2 _bA multi-agency practice guide
260 _bTaylor and Francis
260 _c2019
365 _a
365 _b120
856 _uhttp://www.taylorfrancis.com/books/9781041056812
942 _cEBOOK
999 _c1744215
_d1744215